| 000 | 00641nam a2200217 a 4500 | ||
|---|---|---|---|
| 999 |
_c3404 _d3404 |
||
| 001 | 3404 | ||
| 003 | BD-JhCC | ||
| 005 | 20171113183204.0 | ||
| 008 | 171113s1977 bg |||| ||a| 00| 0 en d | ||
| 035 | _a(BD-JhCC)3404 | ||
| 040 |
_aBD-JhCC _dBD-JhCC |
||
| 041 | _aben | ||
| 082 |
_a891.442 _bALM 1977 |
||
| 100 | _aআল-মামুন, আব্দুল্লাহ | ||
| 245 |
_aএবার ধরা দাও / _cআব্দুল্লাহআল-মামুন |
||
| 260 |
_aঢাকা : _bমুক্তধারা, _c1977. |
||
| 300 |
_a71 p. : _c22 cm. |
||
| 650 | _aBengali Drama | ||
| 942 |
_2ddc _cBK |
||